The confectioner’s art (Record no. 9580)

MARC details
000 -CABECERA
campo de control de longitud fija 00786nam a2200229 a 4500
001 - NÚMERO DE CONTROL
campo de control BRL_768
005 - FECHA Y HORA DE LA ÚLTIMA TRANSACCIÓN
campo de control 20190320210904.0
008 - DATOS DE LONGITUD FIJA--INFORMACIÓN GENERAL
campo de control de longitud fija 041013s1988----nyua######---#000-0#eng-#
020 ## - NÚMERO INTERNACIONAL ESTÁNDAR DEL LIBRO
Número Internacional Estándar del Libro 0883210584
041 ## - CÓDIGO DE LENGUA
Código de lengua del texto/banda sonora o título independiente eng
044 ## - CÓDIGO DEL PAÍS DE LA ENTIDAD EDITORA/PRODUCTORA
Código MARC del país nyu
050 #4 - SIGNATURA TOPOGRÁFICA DE LA BIBLIOTECA DEL CONGRESO
Número de clasificación TX783
Número de documento/Ítem .C66 1988
245 10 - MENCIÓN DE TÍTULO
Título The confectioner’s art
Resto del título American Craft Museum, November 11, 1988-January 8, 1989
Mención de responsabilidad, etc. sponsored by Nestlé Chocolate
260 ## - PUBLICACIÓN, DISTRIBUCIÓN, ETC.
Lugar de publicación, distribución, etc. New York
Nombre del editor, distribuidor, etc. American Craft Council
Fecha de publicación, distribución, etc. 1988
300 ## - DESCRIPCIÓN FÍSICA
Extensión 91 p.
Otras características físicas il. algunas a color.
Dimensiones 22 cm.
500 ## - NOTA GENERAL
Nota general Au894
500 ## - NOTA GENERAL
Nota general Catálogo de la exposición realizada en el American Craft Museum (New York), november 11, 1988- january 8, 1989.
650 14 - PUNTO DE ACCESO ADICIONAL DE MATERIA--TÉRMINO DE MATERIA
Término de materia o nombre geográfico como elemento de entrada Confitería
Subdivisión de forma Exposiciones
9 (RLIN) 24887
650 14 - PUNTO DE ACCESO ADICIONAL DE MATERIA--TÉRMINO DE MATERIA
Término de materia o nombre geográfico como elemento de entrada Repostería
Subdivisión de forma Exposiciones
9 (RLIN) 24888
902 ## - CATALOGADOR
Iniciales GRL
942 ## - ELEMENTOS DE PUNTO DE ACCESO ADICIONAL (KOHA)
Fuente del sistema de clasificación o colocación Library of Congress Classification
Tipo de ítem Koha Libros
Holdings
Estado de retiro Estado de pérdida Estado dañado No para préstamo Localización permanente Ubicación/localización actual Fecha de adquisición Número de inventario Total de préstamos Signatura topográfica completa Código de barras Fecha visto por última vez Precio válido a partir de Tipo de ítem Koha
El ejemplar forma parte de la colección y puede ser consultado según las políticas vigentes.       Biblioteca Centro de Estudios Ruth D. Lechuga Biblioteca Centro de Estudios Ruth D. Lechuga 04/10/2013 Au894   TX783 .C66 1988 (Au894) GRL00838 22/03/2019 22/03/2019 Libros